00372 2200157 4500001002100000005001500021035002000036245003200056100001600088300002600104260002800130082000800158084001400166020002200180990001200202INLIS00000000000300620250918091057 a0010-09250003531 aMenyayangimu /cIda Fr.Iana0 aIda Fr.Iana a292 hlm ;c13 x 19 cm aJakarta :bZettu,c2014 a813 a813 IDA m a978-602-1298-20-6 a0755627